Normal view
MARC view
- Mufti,Imani, Inam,Munib & Javed,Rimshah
Entry Personal Name
001 - CONTROL NUMBER
- control field: 4915
003 - CONTROL NUMBER IDENTIFIER
- control field: NUST
005 - DATE AND TIME OF LATEST TRANSACTION
- control field: 20170922161747.0
008 - FIXED-LENGTH DATA ELEMENTS
- fixed length control field: 170922|| aca||aabn | a|a d
040 ## - CATALOGING SOURCE
- Original cataloging agency: NUST
- Transcribing agency: NUST
100 ## - HEADING--PERSONAL NAME
- Personal name: Mufti,Imani, Inam,Munib & Javed,Rimshah
670 ## - SOURCE DATA FOUND
- Source citation: Work cat.: (NUST): Mufti,Imani, Inam,Munib & Javed,Rimshah, Demand-side analysis of financial inclusion in Pakistan: lessons from south Asian economies, 2017
